Musical Instruments by Letter (A-C) - Statistics

General Stats
  • This quiz has been taken 14 times
  • The average score is 10 of 15
Answer Stats
Hint Answer % Correct
Produces sound by compressing and expanding bellows Accordion
91%
String instrument with a circular body Banjo
91%
Associated with Christmas or another name for glockenspiel Bells
91%
Woodwind instrument associated with Ireland and Scotland Bagpipes
82%
Drum that provides a big, booming sound Bass drum
82%
Double reed instrument with one of the widest ranges Bassoon
73%
A smaller trumpet with mellow tone Cornet
73%
Concave brass plates used to create a ringing sound Cymbal
73%
Middle-pitched string instrument Cello
64%
Woodwind instrument typically made from African blackwood Clarinet
64%
Drum originating in Cuba Bongo
55%
Accessory used in dance music, typically Flamenco Castanets
55%
Accessory used in Afro-Cuban music Claves
45%
Commonly used in folk and country music Acoustic guitar
27%
A unique type of zither Autoharp
9%
No matching quizzes found
Score Distribution
Percent of People with Each Score
Percentile by Number Answered
Your Score History
You have not taken this quiz